000 01084nam a2200301Ia 4500
003 OSt
005 20220930091514.0
006 a|||||r|||| 00| 0
007 ta
008 220926b |||||||| |||| 00| 0 eng d
024 _a6179
037 _cTheses
040 _aCRL
_cCRL
_beng
041 _2eng
_aeng
100 _aGaurav Singh Abhaya Au.
_9545870
110 _aUniversity of Delhi. Faculty of Medical Sciences. Department of Surgery
245 0 _aSerum levels of pal-1 and tnfa as a predictor of response to anthracycline based chemotherapy in locally advanced breast carcinoma
260 _c2012
300 _a68
_ap.
_ccm.
650 _aSURGERY
700 _a Dr. Anuj Garg Gu.
_9545871
700 _a Dr. N. S. Hadke Gu.
700 _a Dr. Pawanindra lal Gu.
_9532779
700 _a Dr. V. K. Gupta Gu.
_9534351
700 _aUniversity of Delhi. Faculty of Medical Sciences. Department of Surgery
942 _cDIS
_2CC
999 _c882163
_d882163